Titelliste von Nirvana Nevermind - Statistiken

Allgemein
  • Dieses Quiz wurde 112 mal gespielt
  • Das Durchschnittsergebnis liegt bei 7 aus 12
Antwortstatistiken
Antwort % Korrekt
Smells Like Teen Spirit
95%
Come As You Are
91%
Lithium
74%
Polly
73%
In Bloom
67%
Something In The Way
66%
On A Plain
54%
Breed
53%
Territorial Pissing
47%
Drain You
46%
Lounge Act
39%
Stay Away
36%
Keine übereinstimmenden Quizze gefunden
Verteilung der Resultate
Anzahl Personen mit jedem Resultat
Perzentil nach korrekt beantworteten Fragen
Ihre Resultats-Entwicklung
Sie haben dieses Quiz noch nicht gespielt